Bienvenue au Catalogue en Ligne des Bibliothèques de l'Universite du Burundi

Chemical markers for processus and stored foods (Record no. 53090)

000 -GUIDE
Champ de contrôle de longueur fixe 00567nam a22001937a 4500
003 - IDENTITÉ DU NUMÉRO DE CONTRÔLE
Champ de contrôle BI-BuBU
008 - ÉLÉMENTS DE LONGUEUR FIXE - RENSEIGNEMENTS GÉNÉRAUX
Champ de contrôle de longueur fixe 251120b1996 e fr|||| 000 0 fre d
037 ## - SOURCE D'ACQUISITION
Source d'acquisition et du numéro d'inventaire don
039 ## - NIVEAU DE CONTRÔLE BIBLIOGRAPHIQUE ET HISTORIQUE D'ENCODAGE [OBSOLETE]
Date creation 20251120100846.0
Nom catalographe Joella Nshimirimana
040 ## - SOURCE DU CATALOGAGE
Organisme qui a effectué le catalogage original BI-BuBU
Organisme qui a effectué la transcription BI-BuBU
Organisme qui a effectué la modification BI-BuBU
041 0# - CODE DE LANGUE
Code de langue du texte/de la piste sonore ou du titre distinct fre
245 10 - MENTION DU TITRE
Titre Chemical markers for processus and stored foods
Mention de responsabilité, etc. ed.by Tung ching lee, hie-joon kim
260 ## - PUBLICATION, DIFFUSION, ETC. (ADRESSE BIBLIOGRAPHIQUE)
Lieu de publication, diffusion, etc. new-york
Nom de l'éditeur, diffuseur, etc. American chemical society
Date of publication, distribution, etc 1996
300 ## - DESCRIPTION MATÉRIELLE
Collation 290 p.
Dimensions 24 cm.
650 ## - VEDETTE-MATIÈRE - NOM COMMUN
Source du terme BI-BuBU
655 ## - TERME D'INDEXATION - GENRE OU FORME
Source du terme BI-BuBU
710 ## - VEDETTE SECONDAIRE - NOM DE COLLECTIVITÉ
Nom de la collectivité ou nom de lieu comme élément de classement American chemical society
942 ## - ÉLÉMENTS D'ENTRÉE ADDITIONNELLE (KOHA)
Source de la classification ou du système de rangement
Type d item koha BOOK
Holdings
Statut de retrait Statut de perte Source de la classification ou du système de rangement Statut de déterioration Exclu du prêt Numéro d item Koha Localisation permanente Localisation actuelle Date d'acquisition Source d'acquisition Nombre de prêts Cote Code-barres Date last seen Numéro d'exemplaire Prix en vigueur à partir du Type d item koha Numero d'inventaire
        Ordered 84934 Bibliothèque Centrale Bibliothèque Centrale 20/11/2025 don   641.CHE 5010000751470 20/11/2025 1 20/11/2025 BOOK 242002
© 2019-2026 - Bibliothèques de l'Université du Burundi |Tous droits réservés
home | Pour toute information urgente Contactez nous | tel whatsupp: +25779204313